[Event "Tambov Korensky Memorial 22nd"]
[Site "Tambov"]
[Date "2013.08.25"]
[Round "9"]
[White "Simakov, Alexey"]
[Black "Uryupin, Igor Nikolaevich"]
[Result "0-1"]
[WhiteElo "2206"]
[BlackElo "2302"]
[PlyCount "100"]
[EventDate "2013.08.17"]
[EventType "swiss"]
[EventRounds "9"]
[EventCountry "RUS"]
[SourceTitle "CBM 156 Extra"]
[Source "ChessBase"]
[SourceDate "2013.10.22"]
[SourceVersion "1"]
[SourceVersionDate "2013.10.22"]
[SourceQuality "1"]

1. e4 c5 2. Nf3 e6 3. d4 cxd4 4. Nxd4 a6 5. Nc3 Qc7 6. Be2 b5 7. a3 Bb7 8. 0-0 Nf6 9. Bf3 Nc6 10. Re1 Ne5 11. Bf4 d6 12. Bxe5 dxe5 13. Nb3 Be7 14. Qe2 0-0 15. Red1 Rac8 16. Rd3 Ne8 17. Rad1 Nd6 18. g3 Rfd8 19. Nd2 a5 20. b4 axb4 21. axb4 Bc6 22. Nb3 Nc4 23. Rxd8+ Rxd8 24. Rxd8+ Qxd8 25. Qd3 Qxd3 26. cxd3 Na3 27. Na2 Nc2 28. Nc5 Kf8 29. Bd1 Nd4 30. Kf1 f5 31. f3 Ke8 32. Ke1 Bg5 33. Nb3 Be3 34. Nxd4 exd4 35. Bb3 Ke7 36. Ke2 Kf6 37. h3 Bd7 38. Kf1 e5 39. Kg2 Kg5 40. Bd5 g6 41. Bb3 h5 42. h4+ Kf6 43. Bd5 f4 44. Kh2 g5 45. Kg2 fxg3 46. Kxg3 Bf4+ 47. Kg2 gxh4 48. Bb3 h3+ 49. Kf2 Kg5 50. Bf7 Kh4 0-1

[Event "Tambov Korensky Memorial 22nd"]
[Site "Tambov"]
[Date "2013.08.21"]
[Round "5"]
[White "Agapov, Yury N"]
[Black "Simakov, Alexey"]
[Result "0-1"]
[WhiteElo "1996"]
[BlackElo "2206"]
[PlyCount "50"]
[EventDate "2013.08.17"]
[EventType "swiss"]
[EventRounds "9"]
[EventCountry "RUS"]
[SourceTitle "CBM 156 Extra"]
[Source "ChessBase"]
[SourceDate "2013.10.22"]
[SourceVersion "1"]
[SourceVersionDate "2013.10.22"]
[SourceQuality "1"]

1. d4 d5 2. Nf3 Nf6 3. g3 c5 4. Bg2 Nc6 5. 0-0 cxd4 6. Nxd4 e5 7. Nxc6 bxc6 8. c4 Be7 9. Nc3 Be6 10. Bg5 e4 11. Qa4 0-0 12. Rfd1 Qb6 13. Bd2 Ng4 14. e3 Ne5 15. cxd5 cxd5 16. b3 Nd3 17. Qb5 Bf6 18. Rab1 Qxb5 19. Nxb5 Bg4 20. Ba5 Bxd1 21. Rxd1 Rfc8 22. f3 Rc5 23. fxe4 Rxb5 24. Rxd3 Rxa5 25. exd5 Rxa2 0-1

[Event "Tambov Pavlyutin Memorial 3rd"]
[Site "Tambov"]
[Date "2013.05.18"]
[Round "7"]
[White "Petrov, Alexander V"]
[Black "Simakov, Alexey"]
[Result "0-1"]
[WhiteElo "2130"]
[BlackElo "2194"]
[PlyCount "100"]
[EventDate "2013.05.15"]
[EventType "tourn"]
[EventRounds "9"]
[EventCountry "RUS"]
[SourceTitle "CBM 154 Extra"]
[Source "ChessBase"]
[SourceDate "2013.06.25"]
[SourceVersion "2"]
[SourceVersionDate "2013.06.25"]
[SourceQuality "1"]

1. e4 g6 2. d4 d6 3. Nc3 Bg7 4. Be3 a6 5. a4 Nd7 6. Nf3 e5 7. Bc4 Ngf6 8. dxe5 dxe5 9. h3 0-0 10. 0-0 b6 11. Qe2 Bb7 12. Bg5 c6 13. Qe3 Qc7 14. Rfd1 b5 15. axb5 cxb5 16. Bd5 Nxd5 17. Nxd5 Bxd5 18. Rxd5 Nb6 19. Rc5 Qb7 20. b3 f6 21. Bh6 Rfd8 22. Bxg7 Kxg7 23. Rc3 Rac8 24. Rd3 Rxd3 25. Qxd3 Rc7 26. Kh2 Nd7 27. Qe2 Nc5 28. Nd2 Rd7 29. f3 Qc6 30. Nf1 Qd6 31. Ne3 Qd2 32. Re1 a5 33. Kg3 a4 34. bxa4 bxa4 35. Nc4 Qc3 36. Rb1 a3 37. Qf1 a2 38. Ra1 Qxc2 39. Ne3 Qa4 40. Qc4 Qxc4 41. Nxc4 Ra7 42. Nd2 Nd3 43. Kh2 Nb4 44. Nb3 Nc2 45. Rc1 a1Q 46. Nxa1 Nxa1 47. Rc3 Ra2 48. h4 Nc2 49. Kh3 Nd4 50. g4 Ne2 0-1

[Event "Tambov Pavlyutin Memorial 3rd"]
[Site "Tambov"]
[Date "2013.05.18"]
[Round "8"]
[White "Simakov, Alexey"]
[Black "Shvadchenko, Grigory F"]
[Result "1-0"]
[WhiteElo "2194"]
[BlackElo "1925"]
[PlyCount "69"]
[EventDate "2013.05.15"]
[EventType "tourn"]
[EventRounds "9"]
[EventCountry "RUS"]
[SourceTitle "CBM 154 Extra"]
[Source "ChessBase"]
[SourceDate "2013.06.25"]
[SourceVersion "2"]
[SourceVersionDate "2013.06.25"]
[SourceQuality "1"]

1. c4 Nf6 2. g3 c6 3. Bg2 d5 4. d4 e6 5. Nc3 Bb4 6. Qb3 Bxc3+ 7. bxc3 0-0 8. Nf3 Qb6 9. c5 Qxb3 10. axb3 Re8 11. Ne5 Nbd7 12. Bf4 Nxe5 13. Bxe5 Nd7 14. f4 Nxe5 15. fxe5 f5 16. e3 Bd7 17. Kd2 a6 18. Rhb1 g5 19. Ra4 Kg7 20. Rb4 Ra7 21. c4 h5 22. cxd5 exd5 23. h4 g4 24. Ra4 Raa8 25. Kc3 Kf7 26. Kb4 Ke7 27. Ka5 Be6 28. Kb6 Bd7 29. Bf1 Reb8 30. Bd3 Rc8 31. Rf1 Rf8 32. Ra2 Rf7 33. Raf2 Rc8 34. Rf4 Be6 35. Bxf5 1-0

[Event "Tambov Pavlyutin Memorial 3rd"]
[Site "Tambov"]
[Date "2013.05.17"]
[Round "6"]
[White "Simakov, Alexey"]
[Black "Larin, Vladimir P"]
[Result "1-0"]
[WhiteElo "2194"]
[BlackElo "2142"]
[PlyCount "69"]
[EventDate "2013.05.15"]
[EventType "tourn"]
[EventRounds "9"]
[EventCountry "RUS"]
[SourceTitle "CBM 154 Extra"]
[Source "ChessBase"]
[SourceDate "2013.06.25"]
[SourceVersion "2"]
[SourceVersionDate "2013.06.25"]
[SourceQuality "1"]

1. c4 g6 2. g3 Bg7 3. Bg2 c5 4. Nf3 Nc6 5. 0-0 e6 6. Nc3 Nge7 7. d3 0-0 8. Bf4 e5 9. Bd2 d6 10. Ne1 Be6 11. Nc2 Rb8 12. a3 Nd4 13. b4 Nb3 14. Rb1 Nxd2 15. Qxd2 b6 16. Qd1 f5 17. Ne3 g5 18. Ned5 Ng6 19. Qa4 Rf7 20. Ne3 h5 21. Bd5 Bxd5 22. Nexd5 g4 23. bxc5 dxc5 24. Qc6 Nf8 25. a4 Rc8 26. Qb5 Ne6 27. a5 bxa5 28. Qa6 Nd4 29. Rb7 Rxb7 30. Qxb7 Nc6 31. Rb1 Qe8 32. Rb5 Kh8 33. Rxc5 Bf8 34. Nf6 Qe7 35. Qxc8 1-0

[Event "Tambov Pavlyutin Memorial 3rd"]
[Site "Tambov"]
[Date "2013.05.16"]
[Round "3"]
[White "Dikov, Alexander I"]
[Black "Simakov, Alexey"]
[Result "1/2-1/2"]
[WhiteElo "1962"]
[BlackElo "2194"]
[PlyCount "103"]
[EventDate "2013.05.15"]
[EventType "tourn"]
[EventRounds "9"]
[EventCountry "RUS"]
[SourceTitle "CBM 154 Extra"]
[Source "ChessBase"]
[SourceDate "2013.06.25"]
[SourceVersion "2"]
[SourceVersionDate "2013.06.25"]
[SourceQuality "1"]

1. e4 g6 2. d4 Bg7 3. c4 d6 4. Nc3 Nf6 5. Be2 Nbd7 6. f4 e5 7. fxe5 dxe5 8. dxe5 Nxe5 9. Qxd8+ Kxd8 10. Bg5 c6 11. Nf3 Re8 12. 0-0 h6 13. Nxe5 hxg5 14. Nxf7+ Kc7 15. e5 Nd7 16. Nd6 Re7 17. Nxc8 Rxc8 18. Bg4 Bxe5 19. Rad1 Rh8 20. Rxd7+ Rxd7 21. Bxd7 Bxh2+ 22. Kf2 Rf8+ 23. Ke2 Rxf1 24. Kxf1 Kxd7 25. Ne4 Bf4 26. Nc5+ Kc7 27. Ke2 b6 28. Ne6+ Kd6 29. Nf8 Kc5 30. Kd3 Be5 31. b3 Kb4 32. Nxg6 Bf6 33. Kc2 Ka3 34. Kb1 a5 35. Nf8 a4 36. Nd7 Bd4 37. bxa4 Kb4 38. Nb8 Kxc4 39. Nxc6 Bf6 40. Kc2 Kc5 41. Nb8 Kb4 42. Nd7 Bd8 43. Kb2 Kxa4 44. a3 Kb5 45. Kb3 Kc6 46. Ne5+ Kd5 47. Nf7 Be7 48. a4 Ke4 49. a5 bxa5 50. Ka4 g4 51. Kxa5 Kf4 52. g3+ 1/2-1/2

[Event "Tambov Pavlyutin Memorial 3rd"]
[Site "Tambov"]
[Date "2013.05.15"]
[Round "1"]
[White "Simakov, Alexey"]
[Black "Seryogin, Peter V"]
[Result "1/2-1/2"]
[WhiteElo "2194"]
[BlackElo "2256"]
[PlyCount "53"]
[EventDate "2013.05.15"]
[EventType "tourn"]
[EventRounds "9"]
[EventCountry "RUS"]
[SourceTitle "CBM 154 Extra"]
[Source "ChessBase"]
[SourceDate "2013.06.25"]
[SourceVersion "2"]
[SourceVersionDate "2013.06.25"]
[SourceQuality "1"]

1. c4 e5 2. g3 Nc6 3. Bg2 f5 4. a3 Nf6 5. b4 d6 6. d3 g6 7. Nf3 Bg7 8. Bb2 0-0 9. 0-0 h6 10. e3 g5 11. d4 e4 12. Nfd2 Ne7 13. Nc3 c6 14. b5 d5 15. bxc6 bxc6 16. cxd5 cxd5 17. Nb3 Rb8 18. Rb1 Ba6 19. Nc5 Bxf1 20. Bxf1 Rf7 21. Qa4 Ng6 22. Nb5 Nf8 23. Nxa7 Ra8 24. Nc6 Qe8 25. Qb5 N6d7 26. Na6 Nf6 27. Nab4 1/2-1/2

[Event "Tambov First league"]
[Site "Tambov"]
[Date "2012.10.17"]
[Round "1"]
[White "Simakov, Alexey"]
[Black "Lomakina, Galja"]
[Result "1-0"]
[WhiteElo "2170"]
[BlackElo "2053"]
[PlyCount "81"]
[EventDate "2012.10.17"]
[EventType "tourn"]
[EventRounds "9"]
[EventCountry "RUS"]
[SourceTitle "EXT 2022"]
[Source "ChessBase"]
[SourceDate "2021.10.06"]
[SourceVersion "1"]
[SourceVersionDate "2021.10.06"]
[SourceQuality "1"]

1. f4 g6 2. Nf3 Bg7 3. e3 d6 4. Be2 Nd7 5. 0-0 Ngf6 6. c4 0-0 7. Nc3 c5 8. a3 b6 9. d4 a6 10. d5 Rb8 11. a4 Ne8 12. e4 e6 13. dxe6 fxe6 14. e5 Bb7 15. Ng5 Qe7 16. Bg4 Rf5 17. Bxf5 gxf5 18. exd6 Nxd6 19. Re1 Bd4+ 20. Kh1 Nf8 21. Be3 Bg7 22. Qe2 Ng6 23. Qh5 Bd4 24. Nd5 exd5 25. Bxd4 Qd7 26. Be5 Nxe5 27. fxe5 Nxc4 28. e6 Qe7 29. Nf7 d4 30. Nh6+ Kh8 31. Nxf5 Qe8 32. Qxe8+ Rxe8 33. b3 Rg8 34. Ra2 Na5 35. e7 Bc6 36. Nh6 Re8 37. Nf7+ Kg7 38. Nd6 Nxb3 39. Rb2 Kf6 40. Nxe8+ Bxe8 41. Rxb3 1-0

[Event "Tambov Korensky Memorial 21st"]
[Site "Tambov"]
[Date "2012.08.19"]
[Round "2"]
[White "Korensky, Sergey"]
[Black "Simakov, Alexey"]
[Result "1-0"]
[WhiteElo "2248"]
[BlackElo "2144"]
[PlyCount "75"]
[EventDate "2012.08.18"]
[EventType "swiss"]
[EventRounds "9"]
[EventCountry "RUS"]
[SourceTitle "CBM 150 Extra"]
[Source "ChessBase"]
[SourceDate "2012.10.19"]
[SourceVersion "1"]
[SourceVersionDate "2012.10.19"]
[SourceQuality "1"]

1. e4 e6 2. d4 d5 3. Nd2 Nf6 4. e5 Nfd7 5. f4 c5 6. c3 Nc6 7. Ndf3 Qb6 8. h4 Be7 9. a3 cxd4 10. cxd4 Na5 11. Ne2 Nb3 12. Rb1 f6 13. Be3 0-0 14. Nc3 fxe5 15. Nxe5 Nxe5 16. fxe5 Kh8 17. Bb5 Na5 18. Bd3 g6 19. Qg4 Nc4 20. Bg5 Qd8 21. Bxc4 dxc4 22. Ne4 Qa5+ 23. Bd2 Qd8 24. h5 g5 25. Nxg5 Rf5 26. Qxf5 exf5 27. Nf7+ Kg7 28. Nxd8 Bxd8 29. d5 b5 30. Bc3 Bb7 31. Rd1 Bg5 32. Ke2 Rd8 33. Rhf1 Rxd5 34. Rxd5 Bxd5 35. Rxf5 Kh6 36. Bd2 Bxd2 37. Kxd2 Bxg2 38. e6 1-0

[Event "Tambov Pavlyutin Memorial 2nd"]
[Site "Tambov"]
[Date "2012.05.20"]
[Round "9"]
[White "Simakov, Alexey"]
[Black "Lomakina, Galja"]
[Result "1/2-1/2"]
[WhiteElo "2141"]
[BlackElo "2060"]
[PlyCount "56"]
[EventDate "2012.05.15"]
[EventType "tourn"]
[EventRounds "9"]
[EventCountry "RUS"]
[SourceTitle "EXT 2014"]
[Source "ChessBase"]
[SourceDate "2013.11.20"]
[SourceVersion "1"]
[SourceVersionDate "2013.11.20"]
[SourceQuality "1"]

1. e4 e5 2. Nf3 Nf6 3. Nxe5 d6 4. Nf3 Nxe4 5. Nc3 Nxc3 6. dxc3 Qe7+ 7. Qe2 Qxe2+ 8. Bxe2 Bf5 9. Bd3 Bxd3 10. cxd3 Nd7 11. Be3 d5 12. 0-0 Bc5 13. Bxc5 Nxc5 14. d4 Ne6 15. Rfe1 0-0 16. Re5 c6 17. Rae1 Rae8 18. Ng5 Nc7 19. Rxe8 Rxe8 20. Rxe8+ Nxe8 21. f3 f6 22. Nh3 Nd6 23. Kf2 Kf7 24. Nf4 Nf5 25. Nd3 Nd6 26. Nf4 Nf5 27. Nd3 Nd6 28. Nf4 Nf5 1/2-1/2

[Event "Tambov Pavlyutin Memorial 2nd"]
[Site "Tambov"]
[Date "2012.05.19"]
[Round "8"]
[White "Larin, Vladimir P"]
[Black "Simakov, Alexey"]
[Result "1/2-1/2"]
[WhiteElo "2158"]
[BlackElo "2141"]
[PlyCount "82"]
[EventDate "2012.05.15"]
[EventType "tourn"]
[EventRounds "9"]
[EventCountry "RUS"]
[SourceTitle "EXT 2014"]
[Source "ChessBase"]
[SourceDate "2013.11.20"]
[SourceVersion "1"]
[SourceVersionDate "2013.11.20"]
[SourceQuality "1"]

1. e4 e6 2. Qe2 c5 3. g3 Nc6 4. c3 d5 5. e5 Qc7 6. f4 f6 7. exf6 Nxf6 8. Bg2 Bd6 9. Nf3 0-0 10. 0-0 e5 11. fxe5 Nxe5 12. d4 Nxf3+ 13. Bxf3 cxd4 14. Qg2 Bg4 15. Bf4 Bxf4 16. gxf4 Bxf3 17. Qxf3 Ne4 18. Qh5 Qc5 19. b4 Qd6 20. cxd4 Rxf4 21. Na3 Nf6 22. Qh3 Rg4+ 23. Kh1 Qe6 24. Qf3 Qe4 25. Rad1 Rc8 26. Qxe4 Rxe4 27. Nb5 Rc2 28. Rc1 Ree2 29. Rxc2 Rxc2 30. a3 a6 31. Nd6 b6 32. Rf3 Kf8 33. h4 Rc6 34. Nf5 g6 35. Ng3 Kg7 36. Kg1 Rc4 37. Ne2 Rc2 38. Nf4 Rc1+ 39. Kg2 Rc2+ 40. Kg1 Rc1+ 41. Kg2 Rc2+ 1/2-1/2

[Event "Tambov Pavlyutin Memorial 2nd"]
[Site "Tambov"]
[Date "2012.05.16"]
[Round "2"]
[White "Simakov, Alexey"]
[Black "Petrov, Alexander V"]
[Result "1/2-1/2"]
[WhiteElo "2141"]
[BlackElo "2186"]
[PlyCount "86"]
[EventDate "2012.05.15"]
[EventType "tourn"]
[EventRounds "9"]
[EventCountry "RUS"]
[SourceTitle "EXT 2014"]
[Source "ChessBase"]
[SourceDate "2013.11.20"]
[SourceVersion "1"]
[SourceVersionDate "2013.11.20"]
[SourceQuality "1"]

1. e4 e5 2. Nf3 Nf6 3. Nxe5 d6 4. Nf3 Nxe4 5. Nc3 Nxc3 6. dxc3 Be7 7. Bf4 Bf5 8. Qd2 Nd7 9. 0-0-0 Nc5 10. Kb1 Ne6 11. Bd3 Bxd3 12. cxd3 Nxf4 13. Qxf4 Qd7 14. Rhe1 0-0 15. Re2 Bf6 16. Rde1 Rfe8 17. d4 Rxe2 18. Rxe2 Re8 19. Re4 Rxe4 20. Qxe4 d5 21. Qe3 Qe7 22. Qxe7 Bxe7 23. Kc2 Bd6 24. h3 c6 25. Kd3 Kf8 26. g4 g6 27. b3 h5 28. c4 hxg4 29. hxg4 Ke7 30. cxd5 cxd5 31. a4 a6 32. Ke3 b5 33. axb5 axb5 34. Ne1 Bb4 35. Nd3 Bd6 36. f4 f5 37. gxf5 gxf5 38. Ne5 Ke6 39. Kf3 Be7 40. Nc6 Bf6 41. Ne5 Be7 42. Nc6 Bf6 43. Ne5 Be7 1/2-1/2

[Event "Tambov Pavlyutin Memorial 2nd"]
[Site "Tambov"]
[Date "2012.05.15"]
[Round "1"]
[White "Uryupin, Igor Nikolaevich"]
[Black "Simakov, Alexey"]
[Result "1/2-1/2"]
[WhiteElo "2261"]
[BlackElo "2141"]
[PlyCount "78"]
[EventDate "2012.05.15"]
[EventType "tourn"]
[EventRounds "9"]
[EventCountry "RUS"]
[SourceTitle "EXT 2014"]
[Source "ChessBase"]
[SourceDate "2013.11.20"]
[SourceVersion "1"]
[SourceVersionDate "2013.11.20"]
[SourceQuality "1"]

1. c4 g6 2. g3 Bg7 3. Bg2 Nf6 4. Nf3 c6 5. d4 d5 6. Qb3 0-0 7. Nc3 Ne4 8. 0-0 Nxc3 9. bxc3 dxc4 10. Qxc4 Nd7 11. Ba3 Nf6 12. Ne5 Nd7 13. f4 Nxe5 14. fxe5 Qc7 15. Rf2 Qd8 16. Raf1 Be6 17. Qb4 Qd7 18. Qxe7 Qxe7 19. Bxe7 Rfe8 20. Bc5 Bxa2 21. Ra1 Bc4 22. Ra4 Bb5 23. Rxa7 Rxa7 24. Bxa7 Ra8 25. Bc5 Bc4 26. Be4 Bh6 27. Kg2 Be3 28. Rf3 Bg5 29. Bd3 Be6 30. Rf1 h5 31. Rb1 Bd5+ 32. Kf2 b5 33. Rb2 h4 34. e4 Be6 35. Be2 hxg3+ 36. hxg3 Ra1 37. Bf3 Bc4 38. Kg2 Bc1 39. Rc2 Bb3 1/2-1/2

[Event "Tambov Korensky Memorial 19th"]
[Site "Tambov"]
[Date "2010.08.24"]
[Round "4"]
[White "Simakov, Alexey"]
[Black "Kupreichik, Viktor D"]
[Result "0-1"]
[WhiteElo "2085"]
[BlackElo "2447"]
[PlyCount "62"]
[EventDate "2010.08.21"]
[EventType "swiss"]
[EventRounds "9"]
[EventCountry "RUS"]
[SourceTitle "EXT 2022"]
[Source "ChessBase"]
[SourceDate "2021.10.06"]
[SourceVersion "1"]
[SourceVersionDate "2021.10.06"]
[SourceQuality "1"]

1. c4 Nf6 2. Nc3 e5 3. g3 d5 4. cxd5 Nxd5 5. Bg2 Nb6 6. Nf3 Nc6 7. 0-0 Be7 8. d3 g5 9. a3 h5 10. b4 g4 11. Nd2 h4 12. Nde4 hxg3 13. hxg3 a5 14. b5 Nd4 15. a4 Be6 16. Be3 f5 17. Nd2 Nd5 18. Bxd4 exd4 19. Nxd5 Bxd5 20. Nc4 Bxg2 21. Kxg2 Qd5+ 22. f3 0-0-0 23. Rh1 Bb4 24. Qc2 Kb8 25. b6 cxb6 26. Nxb6 Qe6 27. Nc4 Rde8 28. Kf2 Rh6 29. Rxh6 Qxh6 30. Rg1 f4 31. fxg4 Qh2+ 0-1

[Event "Tambov Korensky Memorial 18th"]
[Site "Tambov"]
[Date "2009.08.27"]
[Round "6"]
[White "Schirov, Sergey"]
[Black "Simakov, Alexey"]
[Result "0-1"]
[WhiteElo "1974"]
[BlackElo "1982"]
[PlyCount "146"]
[EventDate "2009.08.22"]
[EventType "swiss"]
[EventRounds "9"]
[EventCountry "RUS"]
[SourceTitle "CBM 132 Extra"]
[Source "ChessBase"]
[SourceDate "2009.11.03"]
[SourceVersion "1"]
[SourceVersionDate "2009.11.03"]
[SourceQuality "1"]

1. e4 c6 2. Nc3 d5 3. Nf3 Bg4 4. h3 Bxf3 5. Qxf3 Nf6 6. exd5 cxd5 7. Bb5+ Nc6 8. 0-0 e6 9. d4 a6 10. Bxc6+ bxc6 11. Bf4 Qb6 12. Be5 Nd7 13. Na4 Qb5 14. b3 Nxe5 15. dxe5 Bb4 16. Rad1 0-0 17. Rd4 Be7 18. Qg4 f5 19. Qd1 c5 20. Rd3 c4 21. Rd4 cxb3 22. axb3 Rac8 23. Re1 Rc6 24. Re2 Rfc8 25. g4 Rf8 26. Nb2 fxg4 27. Rxg4 Rf5 28. Nd3 Qb8 29. Qf1 Qc7 30. Qg2 Bf8 31. f4 a5 32. Nb2 Qb6+ 33. Kh2 Qd4 34. c4 Rxf4 35. Rd2 Rxg4 36. Rxd4 Rxg2+ 37. Kxg2 dxc4 38. Nxc4 Bb4 39. Kf3 Kf7 40. Rd7+ Kg6 41. Ra7 Rc8 42. Ke4 Rb8 43. Ra6 Kf7 44. Ra7+ Kf8 45. Ra6 Be1 46. Rxe6 Rxb3 47. Nd6 Rb8 48. Nc4 Ra8 49. Nb6 Rd8 50. Rd6 Re8 51. Kd5 Bg3 52. Nc4 Ra8 53. Nb6 Ra7 54. Rd8+ Kf7 55. e6+ Kg6 56. Nc8 Bh4 57. Rd6 Ra8 58. Nb6 Rd8 59. Nd7 Be7 60. Ra6 Kh5 61. Rxa5 Kh4 62. Ra4+ Kxh3 63. Rf4 Bh4 64. Rf7 Rg8 65. Nf8 h5 66. Ng6 Bf6 67. Ke4 h4 68. Ra7 Kg4 69. Ra2 h3 70. Rh2 Kg3 71. Rc2 h2 72. Rc1 Rc8 73. Kd5 Rxc1 0-1

[Event "Tambov Korensky Memorial 18th"]
[Site "Tambov"]
[Date "2009.08.25"]
[Round "4"]
[White "Alikhanov, Felix"]
[Black "Simakov, Alexey"]
[Result "1/2-1/2"]
[WhiteElo "2455"]
[BlackElo "1982"]
[PlyCount "34"]
[EventDate "2009.08.22"]
[EventType "swiss"]
[EventRounds "9"]
[EventCountry "RUS"]
[SourceTitle "CBM 132 Extra"]
[Source "ChessBase"]
[SourceDate "2009.11.03"]
[SourceVersion "1"]
[SourceVersionDate "2009.11.03"]
[SourceQuality "1"]

1. e4 c5 2. Nf3 d6 3. d4 cxd4 4. Nxd4 Nf6 5. Nc3 Nc6 6. Bc4 e5 7. Nde2 Be7 8. 0-0 0-0 9. Kh1 Be6 10. Bb3 b5 11. Ng3 Nd4 12. Be3 Nxb3 13. axb3 a6 14. Bg5 Nxe4 15. Bxe7 Nxg3+ 16. hxg3 Qxe7 17. f4 f5 1/2-1/2